My God, why?: (Record no. 5935)
[ view plain ]
| 000 -LEADER | |
|---|---|
| fixed length control field | 00741nam a2200265I 4500 |
| 001 - CONTROL NUMBER | |
| control field | 21867 |
| 003 - CONTROL NUMBER IDENTIFIER | |
| control field | GBCCL |
| 005 - DATE AND TIME OF LATEST TRANSACTION | |
| control field | 20241126110552.0 |
| 008 - FIXED-LENGTH DATA ELEMENTS--GENERAL INFORMATION | |
| fixed length control field | 770627s1966 xx 000 0 eng |
| 010 ## - | |
| -- | 66010848 |
| 035 ## - SYSTEM CONTROL NUMBER | |
| System control number | (OCoLC)03077316 |
| 040 ## - CATALOGING SOURCE | |
| Original cataloging agency | DLC |
| Transcribing agency | OCP |
| 049 ## - | |
| -- | LBBK |
| 050 0# - | |
| -- | BV4277 |
| -- | .V5 |
| 082 ## - DEWEY DECIMAL CLASSIFICATION NUMBER | |
| Classification number | 252 |
| Item number | VIE |
| 092 ## - LOCALLY ASSIGNED DEWEY CALL NUMBER (OCLC) | |
| Classification number | 232.96 |
| Item number | V666 |
| 100 1# - MAIN ENTRY--PERSONAL NAME | |
| Personal name | Viets, Wallace T. |
| 9 (RLIN) | 10743 |
| 245 10 - TITLE STATEMENT | |
| Title | My God, why?: |
| Remainder of title | And other questions from the Passion |
| Statement of responsibility, etc. | Wallace T. Viets. |
| 260 ## - PUBLICATION, DISTRIBUTION, ETC. | |
| Place of publication, distribution, etc. | Nashville, |
| Name of publisher, distributor, etc. | Abingdon Press |
| Date of publication, distribution, etc. | [1966] |
| 300 ## - PHYSICAL DESCRIPTION | |
| Extent | 112 p. |
| Dimensions | 19 cm. |
| 504 ## - BIBLIOGRAPHY, ETC. NOTE | |
| Bibliography, etc. note | Bibliographical references included in "Notes" (p. 111-112) |
| 650 #0 - SUBJECT ADDED ENTRY--TOPICAL TERM | |
| Topical term or geographic name entry element | Lenten sermons. |
| 9 (RLIN) | 10744 |
| 650 #0 - SUBJECT ADDED ENTRY--TOPICAL TERM | |
| Topical term or geographic name entry element | Sermons |
| 9 (RLIN) | 6067 |
| 942 ## - ADDED ENTRY ELEMENTS (KOHA) | |
| Source of classification or shelving scheme | Dewey Decimal Classification |
| Koha item type | Books |
| Koha issues (borrowed), all copies | 1 |
| Withdrawn status | Lost status | Source of classification or shelving scheme | Damaged status | Not for loan | Home library | Current Library | Shelving location | Date acquired | Total checkouts | Full call number | Barcode | Date last seen | Date last checked out | Copy number | Price effective from | Koha item type |
|---|---|---|---|---|---|---|---|---|---|---|---|---|---|---|---|---|
| Dewey Decimal Classification | GRACE BIBLE COLLEGE | GRACE BIBLE COLLEGE | Ministry & Mission | 2018-04-18 | 1 | 252 VIE | 001235 | 2025-05-01 | 2024-08-13 | c.1 | 2018-04-18 | Books |